La sociedad industrial contemporánea

Guardat en:
Dades bibliogràfiques
Autors principals: Fromm, Erich (Autor), Horowitz, Irving Louis (Autor), Gorz, André (Autor), Flores Olea, Víctor (Autor)
Altres autors: Marcuse, Herbert (autor)
Format: Llibre
Idioma:espanyol
Publicat: Ciudad de México Siglo Veintiuno 1969
Edició:3a. ed
Matèries:
Etiquetes: Afegir etiqueta
Sense etiquetes, Sigues el primer a etiquetar aquest registre!

MARC

LEADER 00000nam a2200000 a 4500
001 UCR3092
003 CL-VaPUC
008 980123e19690000MX |||||||||||||||||spa|d
082 0 4 |a 338.9  |b FRO  |2 21 
100 0 |a Fromm, Erich  |e author  |9 315922 
700 |a Horowitz, Irving Louis  |e author  |9 548049 
700 |a Marcuse, Herbert  |e autor  |9 329251 
700 |a Gorz, André  |e author  |9 565589 
700 0 |a Flores Olea, Víctor  |e author  |9 401895 
245 1 3 |a La sociedad industrial contemporánea 
250 |a 3a. ed 
300 |a 217 p 
942 |c BK 
945 |d 19980123 00:00:00  |a rleighto 
260 |a Ciudad de México  |b Siglo Veintiuno  |c 1969 
650 0 |a Sociedad industrial   |9 345265 
650 0 |a Desarrollo social  |9 264534 
650 0 |a Industrialización  |9 263687 
650 0 |a Desarrollo político  |9 323087 
650 7 |a SOCIEDAD TECNOLOGICA  |2 CL-VaPUC  |9 401896 
650 7 |a SINDICALISMO  |2 CL-VaPUC  |9 401897 
650 0 |a Democratización  |9 316630 
650 7 |a SISTEMAS ECONOMICOS  |2 CL-VaPUC  |9 401898 
583 |a last modification  |c 19980123 00:00:00  |k Rodrigo Vera 
999 |c 266198  |d 266196 
952 |0 0  |1 0  |4 0  |6 338_900000000000000_FRO_1969  |7 0  |8 A  |9 297596  |a BIBGIM  |b BIBGIM  |d 2019-11-20  |i 3374327  |o 338.9 FRO 1969  |p 3374327  |r 2025-01-15  |w 2019-11-20  |y BK  |k GIM